LEADER 00956nam a2200205 4500 001 000000363974 003 CaOOAMICUS 005 20250822120920.0 008 250822s1900 it 000 u fre r 040 $aSeMil$bita 100 1 $aTondini De Quarenghi, Cesare,$d<1839-1907>.$0(OLS)http://semarc/name/71826 245 13$aLa science protestante et la correction astronomique du calendrier :$b(à propos de la réforme du calendrier russe) /$cpar M. Ces. Tondini de Quarenghi. 264 1$c1900. 300 $a4 p. ;$c30 cm 500 $aExtrait du Journal télégraphique, 25 déc. 1900 850 $aSeMil 852 $aSeMil$W1$xVenegono$y1$m3Z VI 20/8 FA$j260751$B254842$CSeMilBibl$Z2$F254842 $8I 996 $6245$aLa science protestante et la correction astronomique du calendrier :$b(à propos de la réforme du calendrier russe)$9(OLS)http://semarc/title/455320 996 $6264$a[S.l.] :$b[s.n.]$9(OLS)http://semarc/publisher/0 LEADER 01193nam a2200217 i 4500 001 000000365739 003 CaOOAMICUS 005 20251212122952.0 008 251212s1949 it u000 u lat u 013 $a174049 040 $aSeMil$bita 245 00$aCompendium vitae virtutum et miraculorum necnon actorum in causa canonizationis beatae Bartholomaeae Capitanio virginis fundatricis instituti sororum a caritate :$bex tabulario Sacrae Rituum Congregationis. 260 $a[S.l.] :$bTypis Polyglottis Vaticanis,$c1949. 300 $a7 p. ;$c28 cm 600 14$aCapitanio, Bartolomea .$0(OLS)http://semarc/subject/1398 650 4$aSanti - Canonizzazione.$0(OLS)http://semarc/subject/1571 850 $aSeMil 852 $aSeMil$W1$xVenegono$y1$m5C VIII 5/24$j265366$B256549$CSeMilBibl$Z2$F256549 $86 996 $6245$aCompendium vitae virtutum et miraculorum necnon actorum in causa canonizationis beatae Bartholomaeae Capitanio virginis fundatricis instituti sororum a caritate :$bex tabulario Sacrae Rituum Congregationis$9(OLS)http://semarc/title/457376 996 $6260$a[S.l.] :$bTypis Polyglottis Vaticanis$9(OLS)http://semarc/publisher/37081 LEADER 01283nam a2200253 4500 001 000000341601 003 CaOOAMICUS 005 20200819111605.0 008 200819s1886 it a 000 u ita r 040 $aSeMil$bita 100 11$aTaramelli, Torquato,$d<1845-1922>.$0(OLS)http://semarc/name/111617 245 02$aI terremoti Andalusi cominciati il 25 dicembre 1884 /$cmemoria di T. Taramelli e G. Mercalli. 264 1$aRoma :$bTipografia della R. Accademia dei Lincei,$c1886. 300 $a110 p., 4 carte di tav. ripieg. :$bill. ;$c30 cm 500 $aPaginato anche 116-222 500 $aEstratto da: Reale Accademia dei Lincei - Memorie della Classe di Scienze Fisiche, Matematiche e Naturali, vol. 3., ser. 4 500 $aCon dedica autografa di G. Mercalli 650 4$aTerremoti - Andalusia - 1884.$0(OLS)http://semarc/subject/49418 700 1 $aMercalli, Giuseppe,$d<1850-1914>.$0(OLS)http://semarc/name/49037 850 $aSeMil 852 $aSeMil$W1$xVenegono$y1$m3XG VI 22 FA$j220821$B232609$CSeMilBibl$Z2$F232609 $8I 996 $6245$aI terremoti Andalusi cominciati il 25 dicembre 1884$9(OLS)http://semarc/title/430551 996 $6264$aRoma :$bTipografia della R. Accademia dei Lincei$9(OLS)http://semarc/publisher/59227 LEADER 01846nas a2200301 i 4500 001 000000023508 003 CaOOAMICUS 005 20210507165914.0 006 a 000 u 008 180830c20109999it ar p u0 0mul r 022 $a2281-5066 040 $aSeMil$bita 245 00$aClaretianum ITVC /$ccommentaria teologica opera et studio Institutum Theologiae Vitae Consecratae. 260 $aRomae :$bInstitutum Theologiae Vitae Consecratae,$c2010- 300 $a24 cm. 310 $aAnnuale 362 0 $a2010- 510 0 $aCod. rivista ACNP:$cP 238584 710 2 $aInstitutum Theologiae Vitae Consecratae ITVC.$0(OLS)http://semarc/name/109851 710 2 $aIstituto di teologia della vita religiosa «Claretianum»$g.$0(OLS)http://semarc/name/776 780 00$tClaretianum : Commentaria Theologica.$dRomae : [s.n.], 1962-2009.$x0578-4182$w()2112 850 $aSeMil 852 $aSeMil$W1$xVenegono$y1$pCliccare per visualizzare collocazione, posseduto cumulativo e fascicoli ricevuti dell?annata corrente

Cliccare per visualizzare eventuali spogli (alla eventuale voce ?Indici? in fondo di pagina)$B226890$CSeMilBibl$Z2$F226890 $85 961 $aPubblicazione in cambio con "La Scuola Cattolica" 996 $6022$a2281-5066$9(OLS)http://semarc/number/287880 996 $6245$aClaretianum ITVC$9(OLS)http://semarc/title/31519 996 $6260$aRomae :$bInstitutum Theologiae Vitae Consecratae$9(OLS)http://semarc/publisher/35944